000 00496nam a2200181Ia 4500
008 090123s9999 xx 000 0 und d
082 _b14179
_a891.463/नंदा
100 _aनंदा गुलशन
245 _aपतिता
250 _a1
260 _bदिलिप प्रकाशन
300 _a208
600 _aनंदा गुलशन
630 _aपतिता
700 _aनंदा गुलशन
730 _aपतिता
942 _cBOOK
999 _c52240
_d52240